Statistics for Irish Players in the British and Irish Lions

Click here to take the quiz!

General Stats

  • This quiz has been taken 14 times
    (9 since last reset)
  • The average score is 33 of 141

Answer Stats

YearAnswer% Correct
2013/17Rory Best
89%
1962/66/68/71/74Willie John McBride
89%
2021Bundee Aki
78%
2013/17Johnny Sexton
78%
2009/13Rob Kearney
78%
2005/09Ronan O'Gara
78%
2017/21Tadhg Furlong
78%
2001/05/09/13Brian O'Driscoll
67%
2013Cian Healy
67%
1983Ciaran Fitzgerald
67%
2001/09David Wallace
67%
2005/09Donnacha O'Callaghan
67%
1971Fergus Slattery
67%
2005Gordon D'Arcy
67%
1903James Wallace
67%
1980/83John O'Driscoll
67%
1903Joseph Wallace
67%
1966/68/71/74/77Mike Gibson
67%
2005/09/13Paul O'Connell
67%
1997Paul Wallace
67%
1993Richard Wallace
67%
200/13Tommy Bowe
67%
2013/17/21Conor Murray
56%
1959Gordon Wood
56%
2017/21Iain Henderson
56%
2009/13Jamie Heaslip
56%
2005John Hayes
56%
1997/2001Keith Wood
56%
1950Noel Henderson
56%
1930Paul Finbarr Murray
56%
2021Robbie Henshaw
56%
2001Rob Henderson
56%
2005Shane Horgan
56%
2021Tadhg Beirne
56%
2021Andrew Porter
44%
2005Denis Hickie
44%
2005Goerdan Murphy
44%
2001/05Malcom O'Kelly
44%
1993Mick Popplewell
44%
1959/66Noel Murphy
44%
2013/17Séan O'Brien
44%
2005Shane Byrne
44%
1989Brendan Mullin
33%
1983/89Donal Lenihan
33%
2021Jack Conan
33%
2017Jack McGrath
33%
1993Mick Galwey
33%
1983Ollie Campbell
33%
2017Peter O'Mahoney
33%
1959/62/68Syd Millar
33%
1955/59Tony O'Reilly
33%
1980Tony Ward
33%
2001Tyrone Howe
33%
2017C.J Stander
22%
1903Ian Davidson
22%
1950Jack Kyle
22%
1930James Leo Farrell
22%
1997/2001Jeremy Davidson
22%
1927JL Farrell
22%
1977Moss Keane
22%
1938Paddy Mayne
22%
1962Raymond Hunter
22%
2013Simon Zebo
22%
1959Andy Mulligan
11%
1980Colin Patterson
11%
1927CT Payne
11%
1938George J Morgan
11%
1983Gerry McLoughlin
11%
1930Henry O'Hara O'Neill
11%
1930Michael Joseph Dunne
11%
1966/71Ray McLoughlin
11%
1903Roberston Smyth
11%
1980Rodney O'Donnell
11%
1959Ronnie Dawson
11%
1938Sam Walker
11%
1989Steve Smith
11%
1910Tommy Smyth
11%
1910Alexander Foster
0%
1903Alfred Tedford
0%
1896Andrew Clinch
0%
1896Arthur Meares
0%
1910Arthur Norman McClinton
0%
1966/68Barry Bresnihan
0%
1924Bill Cunningham
0%
1950Bill McKay
0%
1962Bill MulCahy
0%
1896Cecil Boyd
0%
1955Cecil Pedlow
0%
1938Charles Robert Arthur Graves
0%
1938Charles Vesey Boyle
0%
1959/62David Hewitt
0%
1983David Irwin
0%
1899Esmond Martelli
0%
1930George Beamish
0%
1938George Ernest Cromey
0%
1950George Norton
0%
1899Gerry Doran
0%
1938Harry McKibbin
0%
1983Hugo MacNeill
0%
1896James Magee
0%
1950Jim McCarthy
0%
1950Jimmy Nelson
0%
1974John Moloney
0%
1980John Robbie
0%
1968Ken Goodall
0%
1966/74Ken Kennedy
0%
1896Larry Bulger
0%
1896Louis Magee
0%
1924Michael Bradley
0%
1968Mick Doyle
0%
1950Mick Lane
0%
1971Mike Hipwell
0%
1983Mike Kiernan
0%
1959N.H Brophy
0%
1962Niall Brophy
0%
1924Norman Brand
0%
1910O.J.S. Piper
0%
1989Paul Dean
0%
1977/80Philip Orr
0%
1904Reg Edwards
0%
1974Richard Milliken
0%
1938Robert Alexander
0%
1896Robert Johnston
0%
1955Robin Roe
0%
1955Robin Thompson
0%
1966/68Roger Young
0%
1966Ronnie Larmont
0%
1971Sean Lynch
0%
1974Stewart McKinney
0%
1927Theodore Pikw
0%
1896Thomas Crean
0%
1950Tom Clifford
0%
1974Tom Grace
0%
1962/68Tom Kiernan
0%
1899Tom McGown
0%
1983Trevor Ringland
0%
1993Vince Cunningham
0%
2005Will Greenwood
0%
1910William Joseph Ashby
0%
1910William Tyrrell
0%
1977Willie Duggan
0%

Score Distribution

Percentile by Number Answered

Percent of People with Each Score

Your Score History

You have not taken this quiz since the last reset